000 00523nam a22001697a 4500
999 _c8589
_d8589
008 201208b ||||| |||| 00| 0 eng d
040 _aBMS College of Architecture
100 _aPreethi, A
245 _aIndian institute of technology Dharwad
300 _a90p.
500 _a1BM12AT001
502 _8B,Arch
_NBMS College of Architecture, Visvesvaraya Technological University (VTU)
_aProject report
_d2016
650 _aDharwad
700 _aSayee Deodhar
_eGuide
700 _aArun Chandhran
_eGuide
942 _2ddc
_cTHE